00530 2200193 4500001002100000005001500021035002000036007000300056008004100059020002200100082001100122084001700133100002300150245005900173260003900232300001600271650001600287856003300303INLIS00000000000811720260120030411 a0010-0126000114ta260120 0 ind  a978-602-202-221-3 a610.73 a610.73 PAU a0 aPAULA KRISANTY,DKK1 aASUHAN KEPERAWATAN GAWAT DARURAT /cPAULA KRISANTY,DKK aJAKARTA :bTrans Info Media,c2016 a382 ;c21cm 4akeperawatan aSumbangan Alumni Keperawatan